| 000 | 00651nam a2200229 i 4500 | ||
|---|---|---|---|
| 001 | 105853 | ||
| 003 | ES-MaACL | ||
| 005 | 20250911062650.0 | ||
| 007 | t| | ||
| 008 | 060904s1957 sp ||||1| spa d | ||
| 080 | _a821.134.1-31"19" | ||
| 100 | 1 |
_aJuan Arbó, Sebastián, _d1902-1984 _967101 |
|
| 245 | 1 | 0 |
_aMaría Molinari / _cSebastián Juan Arbó. |
| 250 | _a3ª ed. | ||
| 260 |
_aBarcelona : _bDestino, _c1957. |
||
| 300 |
_a341 p. ; _c19 cm. |
||
| 490 | 1 |
_aAncora y delfín ; _v132 |
|
| 500 | _aBiblioteca Juan Andrade. | ||
| 830 | 0 | 0 |
_aÁncora y Delfín _v132 _9151298 |
| 852 |
_aES-MaACL _jAND-689 _bR.109985 |
||
| 999 |
_c105853 _d105853 |
||